000 00583nam a22001937a 4500
005 20260128153626.0
010 _aENG-147696
020 _a9789390001118
_c225.00
035 _aEN-131228
037 _bDBAD
082 _21
_aN
100 _aStevenson, Robert Louis
_986992
245 _aKidnapped/
_cRobert Louis Stevenson
250 _a1
260 _aEast Delhi
_bPharos Books
_c2025
270 _aPlot No. -63 Main Mother Dairy Road Pandav Nagar, East Delhi
_bEast Delhi
_e110092
_k011-403958555
_msales@pharosbooks.in
300 _a200p.
_c21cm(pb)
942 _2ddc
_cEN
_mSTE
_hN
999 _c214603
_d214603